[Event "AUTO-ELITE-1666"]
[Site "http://www.queenalice.com/game.php?id=1417298"]
[Date "2016.4.8"]
[Round "1"]
[White "Henderb"]
[Black "BEBADO"]
[Result "1/2-1/2"]
[WhiteElo "2249"]
[BlackElo "2268"]

1. d4 Nf6 2. c4 c5 3. d5 b5 4. cxb5 a6 5. bxa6 Bxa6 6. Nf3 g6 7. g3 Bg7 8. Bg2
d6 9. Nc3 O-O 10. O-O Nbd7 11. Re1 Ng4 12. Bf4 Qa5 13. h3 Nge5 14. Nxe5 Nxe5 15.
Qc1 Rfb8 16. Bxe5 Bxe5 17. f4 Bf6 18. Qc2 Rxb2 19. Qxb2 Bxc3 20. Qc1 Bxe1 21.
Qxe1 Qxe1+ 22. Rxe1 Bc4 23. Rc1 Bxe2 24. Rc2 Bd3 25. Rc3 Bb1 26. a3 Rb8 27. Bf1
Ba2 28. Bg2 c4 29. Bf1 Rb3 30. Rxb3 Bxb3 31. Kf2 e6 32. Ke3 exd5 33. Kd4 Ba4 34.
Bg2 Bc6 35. Bf3 Kf8 36. Bd1 Ke7 37. g4 f6 38. h4 h6 39. a4 g5 40. fxg5 fxg5 41.
hxg5 hxg5 42. Kc3 1/2-1/2

[Event "copa america"]
[Site "http://www.queenalice.com/game.php?id=1421283"]
[Date "2016.5.4"]
[Round "2"]
[White "Henderb"]
[Black "Nelsonbento"]
[Result "1-0"]
[WhiteElo "2240"]
[BlackElo "1620"]

1. d4 h6 2. c4 g5 3. Nc3 Bg7 4. e4 d6 5. g3 b6 6. Bg2 Bb7 7. Nge2 f5 8. O-O e6
9. Re1 fxe4 10. Nxe4 Kf7 11. Nxd6+ cxd6 12. Bxb7 Nd7 13. Qa4 a5 14. Bxa8 Ngf6
15. Bg2 g4 16. Nf4 e5 17. dxe5 dxe5 18. Nd5 Nc5 19. Qc6 Nfd7 20. Be3 Nd3 21. Re2
e4 22. Bxe4 N3e5 23. Qb5 Nf3+ 24. Kg2 Nde5 25. Bxb6 Qd6 26. Ne3 Bf6 27. Rd1 Qe7
28. Nxg4 Nxg4 29. Qh5+ Kg7 30. Bc5 Qe5 31. Qg6# 1-0

[Event "AUTO-MASTER-2478"]
[Site "http://www.queenalice.com/game.php?id=1427863"]
[Date "2016.6.17"]
[Round "1"]
[White "worldwide"]
[Black "Henderb"]
[Result "0-1"]
[WhiteElo "1810"]
[BlackElo "2254"]

1. Nf3 d5 2. d4 Nf6 3. g3 e6 4. Bg2 Be7 5. Nc3 Nbd7 6. O-O O-O 7. Be3 Ng4 8. Bf4
c6 9. e4 dxe4 10. Nxe4 Nb6 11. Qc1 Nd5 12. Bg5 h6 13. Bh4 g5 14. Nexg5 hxg5 15.
Nxg5 Kg7 16. Nf3 Bxh4 17. Nxh4 Bd7 18. c4 Nc7 19. Bf3 Nh6 20. Re1 f6 21. Bh5 Be8
22. Qd1 Bxh5 23. Qxh5 Qe8 24. Qf3 Qf7 25. b4 a5 26. b5 cxb5 27. cxb5 Nxb5 28. d5
exd5 29. Nf5+ Nxf5 30. Qxf5 Nd6 31. Qg4+ Kh8 32. Qf4 Ne4 33. f3 Ng5 34. Qh4+ Qh7
0-1

[Event "AUTO-MASTER-2478"]
[Site "http://www.queenalice.com/game.php?id=1427864"]
[Date "2016.6.17"]
[Round "1"]
[White "Henderb"]
[Black "worldwide"]
[Result "1-0"]
[WhiteElo "2250"]
[BlackElo "1847"]

1. d4 d5 2. c4 c5 3. e3 Nc6 4. Nf3 g6 5. b3 Bg7 6. Bb2 Nh6 7. cxd5 Qxd5 8. Bc4
Qf5 9. O-O O-O 10. Qd3 Qf6 11. Nbd2 Nb4 12. Qc3 a5 13. Ne4 Qc6 14. Nxc5 Qxc5 15.
dxc5 Bxc3 16. Bxc3 Nc2 17. Rac1 Na3 18. Be2 Be6 19. Bb2 1-0

[Event "AUTO-MASTER-2478"]
[Site "http://www.queenalice.com/game.php?id=1427881"]
[Date "2016.6.17"]
[Round "1"]
[White "Henderb"]
[Black "RobertD"]
[Result "1-0"]
[WhiteElo "2264"]
[BlackElo "1949"]

1. d4 d6 2. c4 g6 3. b3 Bg7 4. Bb2 c5 5. e3 Nf6 6. Nf3 O-O 7. Be2 cxd4 8. exd4
Nc6 9. O-O Bg4 10. Nbd2 e5 11. dxe5 dxe5 12. Ne1 Bxe2 13. Qxe2 Re8 14. Nc2 Nd4
15. Nxd4 exd4 16. Qd3 Nh5 17. g3 Qd7 18. Rfe1 Rad8 19. Re4 Rxe4 20. Nxe4 Qg4 21.
f3 Qd7 22. Rd1 b6 23. Qd2 f5 24. Nf2 Bf6 25. Nd3 a5 26. Nc1 Qc6 27. Kg2 Ng7 28.
Qf2 Ne6 29. Ne2 Qc5 30. Nc1 Kf7 31. Nd3 Qd6 32. Bc1 g5 33. Re1 Nc5 34. Qc2 Kg7
35. Nxc5 bxc5 36. Qxf5 Rf8 37. Bxg5 d3 38. Re6 Qd4 39. Bxf6+ Rxf6 40. Re7+ Kf8
41. Qxh7 1-0

[Event "AUTO-MASTER-2478"]
[Site "http://www.queenalice.com/game.php?id=1427882"]
[Date "2016.6.17"]
[Round "1"]
[White "RobertD"]
[Black "Henderb"]
[Result "0-1"]
[WhiteElo "2013"]
[BlackElo "2248"]

1. e4 e6 2. f4 c5 3. Nf3 d6 4. Bb5+ Bd7 5. Bxd7+ Nxd7 6. O-O g6 7. c3 Bg7 8. d4
cxd4 9. cxd4 Ne7 10. b4 O-O 11. a4 Rc8 12. Be3 Nc6 13. b5 Na5 14. Nbd2 Nc4 15.
Nxc4 Rxc4 16. Rc1 Qc7 17. Qb3 Rc8 18. Rxc4 Qxc4 19. Qxc4 Rxc4 20. Ra1 b6 21. a5
Rb4 22. axb6 axb6 23. Ra7 Nf6 24. Ng5 Ng4 25. Ra8+ Bf8 26. g3 Nxe3 0-1

[Event "AUTO-MASTER-2478"]
[Site "http://www.queenalice.com/game.php?id=1427883"]
[Date "2016.6.17"]
[Round "1"]
[White "Henderb"]
[Black "capaputi"]
[Result "0-1"]
[WhiteElo "2265"]
[BlackElo "2290"]

1. d4 Nf6 2. c4 e6 3. Nc3 Bb4 4. Qc2 d5 5. a3 Be7 6. Nf3 O-O 7. e4 dxe4 8. Nxe4
Nc6 9. Be3 Nxe4 10. Qxe4 f5 11. Qd3 Bf6 12. Be2 e5 13. dxe5 Nxe5 14. Nxe5 Bxe5
15. O-O-O Qf6 16. Qc2 f4 17. Bc5 Re8 18. Bd3 h6 19. f3 b6 20. Bb4 c5 21. Bd2 Be6
22. Kb1 Rad8 23. Bh7+ Kh8 24. Bc1 Bd4 25. Be4 Bf7 26. g3 Be5 27. Bxf4 Bxf4 28.
gxf4 Qxf4 29. b3 Bh5 30. Rd3 Rxd3 31. Qxd3 Rf8 32. Qd5 Bxf3 33. Bxf3 Qxf3 34.
Qxf3 Rxf3 35. Kc2 g5 36. Rd1 Rf2+ 37. Rd2 Rxd2+ 38. Kxd2 Kg7 39. Ke3 Kf6 0-1

[Event "AUTO-MASTER-2478"]
[Site "http://www.queenalice.com/game.php?id=1427884"]
[Date "2016.6.17"]
[Round "1"]
[White "capaputi"]
[Black "Henderb"]
[Result "0-1"]
[WhiteElo "2296"]
[BlackElo "2252"]

1. e4 e6 2. Nf3 d5 3. Nc3 dxe4 4. Nxe4 Be7 5. d4 Nd7 6. Bd3 Ngf6 7. Ng3 b6 8.
Ne5 Bb7 9. O-O O-O 10. Qe2 Re8 11. Rd1 c5 12. dxc5 Nxe5 13. Bxh7+ Nxh7 14. Rxd8
Raxd8 15. cxb6 axb6 16. Be3 Nd7 17. Qb5 Nhf6 18. Bxb6 Nxb6 19. Qxb6 Rb8 20. Qa5
Red8 21. h3 g6 22. c4 Bd6 23. Qg5 Kg7 24. b3 Bc7 25. a4 Rd3 26. b4 Rd4 27. Qc5
Rd7 28. b5 Rc8 29. Qb4 Bd6 30. Qb3 Bc5 31. Ra2 Rcd8 32. a5 Rd3 33. Qb2 Rxg3 34.
a6 Rd1+ 0-1

[Event "AUTO-ELITE-1698"]
[Site "http://www.queenalice.com/game.php?id=1427902"]
[Date "2016.6.17"]
[Round "1"]
[White "jandamian"]
[Black "Henderb"]
[Result "1-0"]
[WhiteElo "2500"]
[BlackElo "2267"]

1. e4 e6 2. d4 d5 3. Nc3 dxe4 4. Nxe4 Nd7 5. Nf3 Ngf6 6. Nxf6+ Nxf6 7. Bd3 Be7
8. Qe2 O-O 9. Bg5 Nd5 10. Bd2 Rb8 11. Ne5 c5 12. dxc5 Bxc5 13. O-O Qc7 14. Rfe1
Bd6 15. Rad1 f6 16. Nf3 Nf4 17. Bxf4 Bxf4 18. g3 Bd6 19. Nd4 Be5 20. Nb5 Qc5 21.
Qh5 Rf7 22. Qxh7+ Kf8 23. Bg6 Bc7 24. Qh8+ Ke7 25. Qg8 1-0

[Event "AUTO-ELITE-1698"]
[Site "http://www.queenalice.com/game.php?id=1427903"]
[Date "2016.6.17"]
[Round "1"]
[White "Henderb"]
[Black "jandamian"]
[Result "0-1"]
[WhiteElo "2266"]
[BlackElo "2507"]

1. d4 Nf6 2. c4 g6 3. Nc3 Bg7 4. e4 d6 5. Nf3 O-O 6. Be2 Nbd7 7. O-O e5 8. dxe5
dxe5 9. Bg5 Nc5 10. Qc2 c6 11. Nxe5 Re8 12. Nf3 Qa5 13. Bd2 Qc7 14. e5 Ng4 15.
Bf4 Bf5 16. Qc1 Nxe5 17. Nxe5 Bxe5 18. Bxe5 Qxe5 19. Rd1 Rad8 20. Qg5 Rxd1+ 21.
Rxd1 Na4 22. Nxa4 Qxe2 23. Qc1 Bc2 24. Rf1 Bxa4 25. b3 Qxa2 26. bxa4 Qxa4 27.
Rd1 b5 28. cxb5 cxb5 29. h3 b4 30. Rd2 Qb5 31. Qa1 a5 32. Ra2 b3 0-1

[Event "AUTO-ELITE-1698"]
[Site "http://www.queenalice.com/game.php?id=1427908"]
[Date "2016.6.17"]
[Round "1"]
[White "Zugswang"]
[Black "Henderb"]
[Result "0-1"]
[WhiteElo "2155"]
[BlackElo "2255"]

1. e4 e6 2. d4 d5 3. Nd2 dxe4 4. Nxe4 Nd7 5. Nf3 Ngf6 6. Bd3 Be7 7. h3 b6 8. O-O
O-O 9. c4 Bb7 10. Qc2 Nxe4 11. Bxe4 Bxe4 12. Qxe4 Nf6 13. Qc6 Qd6 14. Qa4 c5 15.
Be3 Qc7 16. Rad1 Rfd8 17. Ne5 Rac8 18. f4 cxd4 19. Bxd4 Rxd4 20. Rxd4 Bc5 21.
Nf3 Qxf4 22. Kh1 Bxd4 23. b3 Nh5 0-1

[Event "AUTO-ELITE-1698"]
[Site "http://www.queenalice.com/game.php?id=1427909"]
[Date "2016.6.17"]
[Round "1"]
[White "Henderb"]
[Black "Zugswang"]
[Result "1-0"]
[WhiteElo "2261"]
[BlackElo "2178"]

1. d4 Nf6 2. c4 c5 3. d5 b5 4. cxb5 a6 5. e3 g6 6. Nc3 Bg7 7. Nf3 O-O 8. Be2 d6
9. O-O axb5 10. Bxb5 Nbd7 11. Qd3 Ng4 12. Bd2 Nde5 13. Nxe5 Nxe5 14. Qc2 Ba6 15.
a4 c4 16. e4 Nd3 17. Rfb1 Qb6 18. Be3 Bd4 19. Nd1 Rac8 20. Bxd4 Qxd4 21. Bxa6
Rc5 22. Qe2 Nb4 23. Bb5 Qd3 24. Qxd3 Nxd3 25. b3 Ne5 26. f4 c3 27. Nxc3 Rxc3 28.
fxe5 dxe5 29. b4 f5 30. Rc1 Rfc8 31. Bc6 Re3 32. Rc4 f4 33. a5 f3 34. gxf3 Rxf3
35. a6 Kg7 36. a7 Rcf8 37. Bb7 R8f4 38. Bc8 Rf2 39. a8=Q Re2 40. Qa7 Rexe4 41.
Rxe4 Rxe4 42. Qxe7+ Kh6 43. Ra3 1-0

[Event "copa america"]
[Site "http://www.queenalice.com/game.php?id=1429935"]
[Date "2016.7.1"]
[Round "3"]
[White "jupar"]
[Black "Henderb"]
[Result "0-1"]
[WhiteElo "2007"]
[BlackElo "2262"]

1. d4 Nf6 2. c4 e6 3. Nc3 Bb4 4. Bd2 b6 5. Nf3 Bb7 6. e3 O-O 7. Be2 d5 8. O-O
Nbd7 9. a3 Be7 10. b3 c5 11. cxd5 Nxd5 12. Rc1 cxd4 13. Nxd4 Bxa3 14. Rb1 Be7
15. Nf3 N7f6 16. Nxd5 Bxd5 17. Bc4 Bxc4 18. bxc4 Ne4 19. Bb4 Bxb4 20. Rxb4 Qe7
21. Rb3 Rfd8 22. Qc2 Nc5 23. Rbb1 Rd6 24. Nd4 a6 25. h3 Qc7 26. Nb3 Nxb3 27.
Rxb3 Rc8 28. Rc1 Rc6 29. Qb2 b5 30. Qd4 Rxc4 31. Rxc4 Qxc4 32. Rd3 Qxd4 33. Rxd4
Rc1+ 34. Kh2 Kf8 35. Rd8+ Ke7 36. Ra8 Ra1 37. Kg3 b4 38. Ra7+ Kf6 39. Rb7 a5 40.
Rb5 Ra3 41. Kf3 b3 42. h4 a4 43. g4 Ra2 44. Rb4 b2 45. Kf4 h6 46. e4 g5+ 47. Kg3
Ra3+ 48. f3 Rb3 49. Rxa4 b1=Q 50. Ra5 Qg1+ 0-1

[Event "copa america"]
[Site "http://www.queenalice.com/game.php?id=1441014"]
[Date "2016.9.13"]
[Round "4"]
[White "Henderb"]
[Black "lfcanales"]
[Result "1-0"]
[WhiteElo "2284"]
[BlackElo "2127"]

1. d4 d5 2. c4 e6 3. Nc3 Nf6 4. Nf3 b6 5. g3 h6 6. Bg2 Bb7 7. O-O Bd6 8. cxd5
Nxd5 9. a3 Qe7 10. Re1 O-O 11. e4 Nxc3 12. bxc3 c5 13. Bb2 Nd7 14. Qd3 Rab8 15.
Nd2 e5 16. d5 Nf6 17. c4 Bc8 18. f4 Nd7 19. Qc3 f6 20. f5 a6 21. a4 Rb7 22. Nf3
Nb8 23. Bc1 Bd7 24. g4 b5 25. axb5 axb5 26. cxb5 Rxb5 27. Bf1 Rb7 28. h4 Bb5 29.
g5 Bxf1 30. Kxf1 Kh7 31. Re2 Rg8 32. Be3 h5 33. Nd2 Nd7 34. Nc4 Rb4 35. Bd2 Rgb8
36. Ra6 Bc7 37. d6 Bxd6 38. Nxd6 Rb3 39. Qc4 Rh3 40. g6+ 1-0

[Event "AUTO-MASTER-2478"]
[Site "http://www.queenalice.com/game.php?id=1441250"]
[Date "2016.9.14"]
[Round "2"]
[White "Henderb"]
[Black "CCapivara"]
[Result "1/2-1/2"]
[WhiteElo "2280"]
[BlackElo "2205"]

1. d4 d6 2. c4 Nf6 3. Nc3 c6 4. e4 Qa5 5. Bd3 e5 6. d5 Be7 7. Ne2 O-O 8. O-O
Nbd7 9. a3 a6 10. Ng3 Re8 11. Be2 c5 12. Bg4 Nxg4 13. Qxg4 Nf6 14. Qe2 Bd7 15.
Rb1 b5 16. cxb5 axb5 17. b4 cxb4 18. axb4 Qb6 19. Be3 Qb7 20. Ra1 Rxa1 21. Rxa1
Ra8 22. Qb2 1/2-1/2

[Event "AUTO-MASTER-2478"]
[Site "http://www.queenalice.com/game.php?id=1441251"]
[Date "2016.9.14"]
[Round "2"]
[White "CCapivara"]
[Black "Henderb"]
[Result "0-1"]
[WhiteElo "2219"]
[BlackElo "2278"]

1. e4 e5 2. f4 exf4 3. Nf3 d5 4. exd5 Nf6 5. Bb5+ Bd7 6. Bxd7+ Nbxd7 7. c4 Bd6
8. O-O O-O 9. Nc3 a6 10. d4 c5 11. Kh1 Qa5 12. a3 b5 13. dxc5 Bxc5 14. cxb5 axb5
15. Bxf4 b4 16. axb4 Qxb4 17. Qd2 Nh5 18. Bg5 h6 19. Rxa8 Rxa8 20. Bxh6 gxh6 21.
Qxh6 Nhf6 22. Ng5 Qf4 23. Rd1 Bf8 24. Qh3 Qxg5 25. Qf3 Ne5 26. Qh3 Neg4 27. Qf3
Qh4 0-1

[Event "AUTO-MASTER-2478"]
[Site "http://www.queenalice.com/game.php?id=1441252"]
[Date "2016.9.14"]
[Round "2"]
[White "Henderb"]
[Black "clovis"]
[Result "1-0"]
[WhiteElo "2271"]
[BlackElo "2184"]

1. d4 d5 2. c4 c6 3. Nc3 e6 4. Nf3 Nf6 5. e3 Nbd7 6. Qc2 Bb4 7. a3 Bxc3+ 8. Qxc3
Ne4 9. Qc2 O-O 10. Bd3 f5 11. O-O Qe7 12. Bd2 Ndf6 13. Bb4 c5 14. dxc5 Nxc5 15.
cxd5 b6 16. dxe6 Bxe6 17. Nd4 Kh8 18. Nxe6 1-0

[Event "AUTO-MASTER-2478"]
[Site "http://www.queenalice.com/game.php?id=1441253"]
[Date "2016.9.14"]
[Round "2"]
[White "clovis"]
[Black "Henderb"]
[Result "1/2-1/2"]
[WhiteElo "2153"]
[BlackElo "2288"]

1. e4 e5 2. Nc3 Nf6 3. Bc4 b6 4. Nf3 Bd6 5. O-O O-O 6. d4 exd4 7. Nxd4 Bb7 8.
Nf5 Bb4 9. Qf3 Bxc3 10. bxc3 Bxe4 11. Qf4 d5 12. Bd3 Nbd7 13. Qg5 Ne8 14. Bxe4
dxe4 15. Rd1 Qxg5 16. Bxg5 Nef6 17. Re1 Rfe8 18. Rad1 Re5 19. Bxf6 Nxf6 20. Ng3
Rae8 21. Rd4 Kf8 22. c4 Ng4 23. Rd7 Rc5 24. Rd4 f5 25. Rd7 Nf6 26. Rd4 g6 27.
Ne2 Ng4 28. Nf4 Ne5 29. Re3 Nc6 30. Rd7 Re7 31. Rxe7 Kxe7 32. Rh3 Ne5 33. Rxh7+
Kd6 34. Nxg6 Nxg6 35. Rh6 Rxc4 36. Rxg6+ Ke7 37. h4 e3 38. fxe3 Rxh4 39. Rg7+
Kd6 40. Rf7 Rc4 41. Rxf5 Rxc2 42. Rf2 Rc3 43. Re2 Ke5 44. Kf2 Ke4 45. g4 b5 46.
Kg3 b4 47. g5 Kf5 48. Kh4 Kg6 49. e4 Rc4 50. Kg4 a5 51. Kf4 a4 52. Re3 Rc3 53.
Rxc3 bxc3 54. Ke3 Kxg5 55. Kd3 Kf4 56. Kxc3 Kxe4 57. Kb4 Kd4 58. Kxa4 c5 59. Kb3
Kd3 60. Kb2 Kc4 1/2-1/2

[Event "AUTO-MASTER-2478"]
[Site "http://www.queenalice.com/game.php?id=1452301"]
[Date "2016.11.28"]
[Round "3"]
[White "Henderb"]
[Black "capaputi"]
[Result "1/2-1/2"]
[WhiteElo "2291"]
[BlackElo "2240"]

1. e4 c5 2. Nf3 a6 3. d4 cxd4 4. Nxd4 Nf6 5. Nc3 e5 6. Nb3 Bb4 7. Bd3 d5 8. exd5
Nxd5 9. Bd2 Nc6 10. Nxd5 Qxd5 11. O-O Be6 12. Re1 Bxd2 13. Qxd2 O-O 14. Rad1 Qd8
15. Nc5 Bg4 16. f3 Bh5 17. Qf2 Qb6 18. Nd7 Qxf2+ 19. Kxf2 Rfe8 20. Be4 Rac8 21.
c3 f6 22. Nc5 Re7 23. Rd6 Bf7 24. a3 Na5 25. b4 Nc4 26. Rd3 b6 27. Nxa6 Nxa3 28.
Ra1 Nb5 29. Bf5 Be6 30. Bxe6+ Rxe6 31. Rc1 Rec6 32. c4 Rxc4 33. Rxc4 Rxc4 34.
Rd8+ Kf7 35. Rb8 Rc6 36. Nc5 bxc5 37. Rxb5 cxb4 38. Rxb4 Rc2+ 39. Kf1 h5 40. f4
Ke6 41. fxe5 fxe5 42. h3 Kf6 43. g3 g5 44. Ra4 Rd2 45. Ke1 Rh2 46. h4 gxh4 47.
gxh4 Kf5 48. Kf1 Rd2 49. Ra8 Rd4 50. Rf8+ Kg4 51. Re8 Kf5 52. Rf8+ Kg4 53. Re8
Re4 54. Rg8+ Kxh4 55. Kf2 Rg4 56. Re8 e4 57. Re5 Rf4+ 58. Ke3 Rg4 59. Kf2 Rf4+
60. Ke3 Rf8 61. Rxe4+ Kg3 62. Re7 h4 63. Rg7+ Kh2 64. Rg4 h3 65. Ke2 Rb8 66. Kf1
Rb1+ 67. Kf2 Rb2+ 68. Kf3 Rg2 69. Rc4 Rg3+ 70. Kf2 Rg7 71. Rf4 Rg2+ 72. Kf3 Kh1
73. Rc4 Rg1 74. Kf2 Ra1 1/2-1/2

[Event "AUTO-MASTER-2478"]
[Site "http://www.queenalice.com/game.php?id=1452302"]
[Date "2016.11.28"]
[Round "3"]
[White "capaputi"]
[Black "Henderb"]
[Result "1-0"]
[WhiteElo "2228"]
[BlackElo "2276"]

1. e4 e6 2. d4 d5 3. Nc3 dxe4 4. Nxe4 Nd7 5. Nf3 Ngf6 6. Ng3 Bd6 7. Bd3 b6 8.
Bg5 Bb7 9. O-O h6 10. Be3 O-O 11. Re1 c5 12. c4 Qc7 13. Rc1 Rad8 14. Qe2 cxd4
15. Nxd4 Nc5 16. Bb1 a6 17. b4 Bxg3 18. hxg3 Nce4 19. Nf3 Nd6 20. Bf4 Qe7 21. a3
Nde4 22. Ne5 g5 23. Be3 Rc8 24. Ng4 Nxg4 25. Qxg4 Nf6 26. Bxg5 Nxg4 27. Bxe7
Rfe8 28. Bd6 f5 29. c5 bxc5 30. Bxc5 Nf6 31. f3 Kf7 32. Be3 h5 33. Kf2 Kg6 34.
Bd4 Nd7 35. Rxc8 Bxc8 36. Bc2 Kf7 37. f4 Nf6 38. Bxf6 Kxf6 39. Re5 Bd7 40. Bd3
Ra8 41. Ra5 Bc8 42. b5 Bb7 43. bxa6 Bc8 44. Ke3 Ke7 45. Be2 Ra7 46. Kd4 Kd6 47.
Bf3 Rxa6 48. Rxa6+ Bxa6 49. Bxh5 Bb5 50. Bf3 Bf1 51. a4 Ba6 52. g4 fxg4 53. Bxg4
Bb7 54. g3 Bg2 55. Be2 Bd5 56. g4 Bc6 57. a5 Bg2 58. g5 Bc6 59. a6 Bg2 60. Bd3
Bf3 61. Be4 1-0

[Event "copa america"]
[Site "http://www.queenalice.com/game.php?id=1454741"]
[Date "2016.12.13"]
[Round "5"]
[White "Islander"]
[Black "Henderb"]
[Result "1-0"]
[WhiteElo "2245"]
[BlackElo "2289"]

1. e4 e5 2. Nc3 Nf6 3. f4 d6 4. Nf3 exf4 5. d4 Bg4 6. Bxf4 Be7 7. Qd2 Nbd7 8.
O-O-O O-O 9. h3 Bxf3 10. gxf3 Re8 11. Rg1 Nf8 12. Bd3 Ne6 13. Be3 c6 14. f4 b5
15. f5 Nc7 16. Bh6 g6 17. fxg6 fxg6 18. e5 dxe5 19. Bxg6 hxg6 20. Qg5 Kf7 21.
dxe5 Ncd5 22. Qxg6+ Ke6 23. exf6 Bxf6 24. Rge1+ Kd6 25. Rxe8 Qxe8 26. Qxf6+ Kc7
27. Nxd5+ cxd5 28. Bf4+ Kb7 29. Rxd5 Rc8 30. Qd4 Qe1+ 31. Qd1 Qxd1+ 32. Kxd1 Kc6
33. Rd3 Rf8 34. Bg5 Rf1+ 35. Ke2 Rg1 36. h4 Rg2+ 37. Kf3 Rg1 38. Kf2 Rg4 39. Rg3
Rd4 40. h5 Rd7 41. h6 Rf7+ 42. Rf3 Rh7 43. Re3 1-0

[Event "AUTO-ELITE-1814"]
[Site "http://www.queenalice.com/game.php?id=1471720"]
[Date "2017.4.3"]
[Round "1"]
[White "chess3480"]
[Black "Henderb"]
[Result "0-1"]
[WhiteElo "2430"]
[BlackElo "2258"]

1. Nf3 d5 2. g3 Nf6 3. Bg2 e6 4. d3 Bd6 5. O-O O-O 6. Qe1 Nbd7 7. e4 dxe4 8.
dxe4 Ne5 9. Nxe5 Bxe5 10. Na3 c6 11. Nc4 Bc7 12. Bg5 h6 13. Rd1 Qe7 14. Bxf6
Qxf6 15. e5 Qe7 16. Nd6 f6 17. c4 fxe5 18. Qxe5 Bxd6 19. Rxd6 Rd8 20. Rfd1 Rxd6
21. Qxd6 Kf7 22. Qd8 Qxd8 23. Rxd8 Ke7 24. Rg8 Kf7 25. Rh8 g6 26. c5 Kg7 27. Rd8
Kf7 28. Be4 Ke7 29. Rh8 g5 30. Rxh6 Bd7 31. Rh7+ Kd8 32. Rg7 Kc7 33. Rxg5 Rh8
34. h4 Kd8 35. f4 b6 36. h5 bxc5 37. Rxc5 Ke7 38. Kf2 Kd6 39. Re5 Be8 40. g4 Bf7
41. Ra5 Ra8 0-1

[Event "AUTO-ELITE-1814"]
[Site "http://www.queenalice.com/game.php?id=1471721"]
[Date "2017.4.3"]
[Round "1"]
[White "Henderb"]
[Black "chess3480"]
[Result "0-1"]
[WhiteElo "2263"]
[BlackElo "2562"]

1. d4 g6 2. Nf3 Bg7 3. Bf4 Nf6 4. e3 d6 5. Bd3 O-O 6. O-O c5 7. c3 Nc6 8. Nbd2
e5 9. Bg5 exd4 10. cxd4 cxd4 11. exd4 h6 12. Be3 Be6 13. a3 Nd5 14. Rc1 g5 15.
h3 f5 16. Nb3 g4 17. hxg4 fxg4 18. Nfd2 Qh4 19. Qe2 Kh8 20. Ne4 Nxe3 21. Qxe3
Bxb3 22. Nxd6 Bxd4 0-1

[Event "AUTO-ELITE-1814"]
[Site "http://www.queenalice.com/game.php?id=1471728"]
[Date "2017.4.3"]
[Round "1"]
[White "Henderb"]
[Black "Norfair"]
[Result "0-1"]
[WhiteElo "2259"]
[BlackElo "2681"]

1. d4 Nf6 2. c4 e6 3. Nf3 Bb4+ 4. Bd2 a5 5. a3 Bxd2+ 6. Nbxd2 O-O 7. e3 b6 8.
Bd3 d6 9. O-O Bb7 10. Rc1 Nbd7 11. Qe2 e5 12. d5 a4 13. Ne4 Nxe4 14. Bxe4 Nc5
15. Bb1 f5 16. g3 c6 17. Rcd1 cxd5 18. cxd5 Ba6 19. Qd2 Rc8 20. Rfe1 Nb3 0-1

[Event "AUTO-ELITE-1814"]
[Site "http://www.queenalice.com/game.php?id=1471729"]
[Date "2017.4.3"]
[Round "1"]
[White "Norfair"]
[Black "Henderb"]
[Result "1-0"]
[WhiteElo "2679"]
[BlackElo "2260"]

1. e4 c5 2. Nf3 e6 3. d4 cxd4 4. Nxd4 Nc6 5. Nc3 d6 6. Be3 Nf6 7. f3 Be7 8. Qd2
Bd7 9. g4 h6 10. O-O-O a6 11. h4 Qc7 12. Rg1 O-O-O 13. g5 hxg5 14. hxg5 Ne8 15.
f4 g6 16. Qf2 Kb8 17. Nb3 Qc8 18. Na4 Nb4 19. Ba7+ 1-0